000 00548nam a2200205Ia 4500
003 OSt
005 20260205164334.0
008 210716s2011 xx 000 0 und d
020 _a9788131732625
040 _cAIMIT LIBRARY
041 _aeng
082 _a658.4013 CHAP
100 _aCharantimath, Poornima M.
_9253755
245 _aTotal quality management /
_cBy Poornima M. Charantimath.
250 _a2nd ed.
260 _aChennai :
_bPearson ,
_c2011.
300 _axix,587p. ;
_bPB
_c23.5cm
650 _aTQM
_9253756
942 _2ddc
_cBK
999 _c195202
_d195202